000 00787nam a22001817a 4500
999 _c64046
_d64046
003 Ge_BSU
005 20260316120750.0
008 260316s1972 ge ||||| |||| 00| 0 geo d
041 _ageo
080 _a908(575.3) ქ-30
100 _aქარუმიძე, ვახტანგ
_916939
245 _aსაბჭოთა ტაჯიკეთი /
_cვახტანგ ქარუმიძე.
264 _aთბილისი :
_bსაბჭ. საქართველო,
_c1972.
300 _a62 გვ. ;
_b16 სმ.
490 _aთავისუფალ ერთა მძლე კავშირი ძმური
653 _aკომუნისტური მშენებლობა ტაჯიკეთში
942 _2udc
_cᲬᲘᲒᲜᲘ